00268 a2200097 450000100060000008200120000610000610001824500560007926000270013530000080016291623 aPR 1604 aAamir Khalil; Prof faraz Ahmed and Omer Bashir, Advisors aMicrocontroller Based Controller for UAVn52 "B" EC aRawalpindibNUSTc2000 a54p